Intersecciones - Re-existencias img̀enes para sentipensar en comunidad /

Bibliographic Details
Main Author: Parra Valencia, Liliana
Format: eBook
Language:Spanish
Published: Medelln̕: Universidad Cooperativa de Colombia, 2022
Subjects:
Online Access:Acceso restringido

MARC

LEADER 00000nam a22000007a 4500
005 20221003214338.0
007 cr|||| ||||
008 221003s2022 co |||||s|||| 00||0 spa d
020 |a 978-958-760-351-4 
035 |a 37342 
040 |a vLex 
090 |c 14013  |d 14013 
100 1 |a Parra Valencia, Liliana 
245 1 0 |a Intersecciones - Re-existencias  |h [Recurso electrn̤ico] :  |b img̀enes para sentipensar en comunidad /  |c Liliana Parra Valencia 
256 |a Servicio en ln̕ea 
260 |a Medelln̕:  |b Universidad Cooperativa de Colombia,  |c 2022 
300 |a 1 recurso electrn̤ico 
506 1 |a Disponible solo en los productos indicados  |d vLex Global  |d vLex Global (Academic Edition, excluding Law Schools)  |d vLex Global (U.S. Academic Edition, Law Schools)  |d vLex Global (U.S. Academic Edition, excluding Law Schools)  |d vLex Global (Academic Edition, Law Schools) 
650 0 4 |a Ciencias sociales  |z Colombia 
740 0 |a vLex Libros (Servicio en ln̕ea) 
856 4 0 |u https://app.vlex.com/#/sources/37342  |z Acceso restringido 
942 |c BOOK 
999 0 |a Social Sciences